[Event "European Online Chess Club Cup 2021 - G"]
[Site "Tornelo.com"]
[Date "2021.03.28"]
[Round "6.1"]
[White "Harikrishna, Pentala"]
[Black "Efimov, Igor"]
[Result "1-0"]
[WhiteElo "2730"]
[BlackElo "2416"]
[PlyCount "111"]
[EventDate "2021.03.27"]
[EventType "team"]
[EventRounds "9"]
[WhiteTeam "Novy Bor"]
[BlackTeam "Cercle d'Echecs de Monte-Carlo 1"]

1. e4 c5 2. Nf3 Nc6 3. Bb5 Nf6 4. Nc3 e5 5. O-O d6 6. a3 Be7 7. b4 cxb4 8. axb4
O-O 9. Ba3 Nd4 10. Nxd4 exd4 11. Nd5 Nxd5 12. exd5 Bf6 13. Bd3 a6 14. Qf3 Re8
15. h3 Bd7 16. Rfe1 Rc8 17. Rxe8+ Qxe8 18. Bb2 Bb5 19. Be4 Be5 20. Re1 g6 21.
Qd1 Rc7 22. f4 Bxf4 23. Bxg6 Re7 24. Rxe7 Qxe7 25. Bh5 Qg5 26. Bxd4 Bxd2 27.
Kh1 Qf4 28. Bg1 Bxb4 29. Bf3 Qd2 30. Qa1 Qc3 31. Qc1 Qd2 32. Qa1 Bc3 33. Qa3
Be5 34. c4 Bxc4 35. Qa4 Qc1 36. Qe8+ Kg7 37. Qc8 b5 38. Qg4+ Kf6 39. Qh4+ Qg5
40. Qxh7 Ke7 41. Qe4 a5 42. Be3 Qg3 43. Bg1 a4 44. Qe3 Qf4 45. Qa7+ Kf6 46. Qb8
Kg7 47. Qa7 Qc1 48. Qd7 a3 49. Qg4+ Kf8 50. Qc8+ Ke7 51. Qc7+ Kf6 52. Bh5 Bb2
53. Qxf7+ Ke5 54. Qe6+ Kf4 55. g3+ Kxg3 56. Qg4# 1-0

[Event "European Online Chess Club Cup 2021 - G"]
[Site "Tornelo.com"]
[Date "2021.03.28"]
[Round "6.2"]
[White "Bagheri, Amir"]
[Black "Wojtaszek, Radoslaw"]
[Result "0-1"]
[WhiteElo "2348"]
[BlackElo "2694"]
[PlyCount "134"]
[EventDate "2021.03.27"]
[EventType "team"]
[EventRounds "9"]
[WhiteTeam "Cercle d'Echecs de Monte-Carlo 1"]
[BlackTeam "Novy Bor"]

1. d4 d5 2. Nf3 Nf6 3. Bf4 c5 4. e3 Nc6 5. Nbd2 cxd4 6. exd4 Bf5 7. c3 e6 8.
Qb3 Qc8 9. Be2 Be7 10. O-O h6 11. Rfe1 O-O 12. Ne5 Nd7 13. Ndf3 a6 14. a4 Ndxe5
15. Nxe5 Nxe5 16. Bxe5 Qc6 17. a5 Rac8 18. Bf1 Rfe8 19. h3 Bg5 20. Qa4 Qxa4 21.
Rxa4 Be7 22. Bf4 Rc6 23. Raa1 g5 24. Be5 f6 25. Bg3 Kf7 26. Be2 Bg6 27. Red1 h5
28. h4 g4 29. Bf4 Bf5 30. g3 Be4 31. Bf1 Kg6 32. Rd2 Kf5 33. Rdd1 e5 34. Be3
Bd8 35. dxe5 fxe5 36. Rd2 Ke6 37. Ra4 Be7 38. Bb6 Rec8 39. Ra1 Bf8 40. Re1 Bh6
41. Rdd1 Bf3 42. Be2 Bxe2 43. Rxe2 e4 44. Ra1 Bf8 45. Rd2 Bc5 46. Bxc5 Rxc5 47.
Kf1 Ke5 48. Ke2 Rb5 49. Ra3 Rcc5 50. b4 Rc4 51. Ke3 Rc8 52. Rd4 Rf8 53. Ke2 Rf3
54. Rd1 Rxb4 55. cxb4 Rxa3 56. Rc1 Rb3 57. Rc7 Rxb4 58. Rh7 Rb2+ 59. Ke1 Kd4
60. Rxh5 Kc4 61. Re5 d4 62. h5 Kd3 63. Kf1 e3 64. fxe3 dxe3 65. h6 Rh2 66. Re6
e2+ 67. Kg1 Rxh6 0-1

[Event "European Online Chess Club Cup 2021 - G"]
[Site "Tornelo.com"]
[Date "2021.03.28"]
[Round "7.2"]
[White "Fontaine, Robert"]
[Black "Galburd, Yan"]
[Result "1-0"]
[WhiteElo "2550"]
[BlackElo "2435"]
[PlyCount "69"]
[EventDate "2021.03.27"]
[EventType "team"]
[EventRounds "9"]
[WhiteTeam "Club d'Echecs de Geneve"]
[BlackTeam "Tsafrir Rehovot Chess Club"]

1. e4 c5 2. Nf3 Nf6 3. Nc3 d5 4. exd5 Nxd5 5. Bc4 e6 6. O-O Be7 7. Re1 Nb6 8.
Bb5+ Bd7 9. d4 O-O 10. Bf4 Bxb5 11. Nxb5 Na6 12. dxc5 Bxc5 13. Qe2 Nd5 14. Bg3
Qb6 15. Ne5 Rad8 16. Rad1 Nb8 17. a4 Nc6 18. Nc4 Qa6 19. b3 Bb4 20. Rf1 Nc3 21.
Nxc3 Bxc3 22. Qe4 Nb4 23. Bd6 Rfe8 24. Bc7 Rxd1 25. Rxd1 Qc6 26. Nd6 Ra8 27.
Qxc6 bxc6 28. Ne4 Bf6 29. c4 Rc8 30. Rd7 h6 31. Bd6 Nc2 32. Rxa7 Nd4 33. b4 Nf5
34. c5 Bd4 35. a5 1-0

[Event "European Online Chess Club Cup 2021 - G"]
[Site "Tornelo.com"]
[Date "2021.03.28"]
[Round "7.1"]
[White "Demidov, Mikhail"]
[Black "Harikrishna, Pentala"]
[Result "1/2-1/2"]
[WhiteElo "2523"]
[BlackElo "2730"]
[PlyCount "149"]
[EventDate "2021.03.27"]
[EventType "team"]
[EventRounds "9"]
[WhiteTeam "Stanislas Echecs"]
[BlackTeam "Novy Bor"]

1. Nf3 d5 2. d4 Nf6 3. Bf4 c5 4. dxc5 e6 5. e3 Bxc5 6. Be2 O-O 7. O-O Nc6 8. c4
dxc4 9. Bxc4 Qe7 10. Nc3 h6 11. Bg3 Rd8 12. Qe2 e5 13. Bh4 e4 14. Nd2 g5 15.
Bg3 Bg4 16. Qe1 Ne5 17. Be2 Nd3 18. Bxd3 Rxd3 19. h3 Bf5 20. Nb3 Bb4 21. Nd4
Bg6 22. Qe2 Bxc3 23. bxc3 Rxc3 24. Rfc1 Rac8 25. Rxc3 Rxc3 26. Qb2 Rc8 27. Nb5
a6 28. Nd6 Rc5 29. Rc1 Rxc1+ 30. Qxc1 Kh7 31. Qc8 Qd7 32. Qa8 Qe6 33. Nxb7 Nh5
34. Bd6 g4 35. hxg4 Nf6 36. Qxa6 Nxg4 37. Qe2 h5 38. Qd2 Qf6 39. Qe1 Qb2 40.
Nc5 Qxa2 41. Bg3 Qd5 42. Na4 Bf5 43. Nc3 Qa5 44. Qc1 Qc5 45. Ne2 Qxc1+ 46. Nxc1
Be6 47. Ne2 Bc4 48. Nf4 Kh6 49. Bh4 Ne5 50. Bd8 Nd3 51. Ne2 Kg6 52. Ng3 Bd5 53.
Bh4 Nc1 54. Be7 Nd3 55. Ne2 Bc4 56. Nc3 f5 57. Ne2 Bb3 58. Nd4 Bd5 59. Bh4 f4
60. exf4 Nxf4 61. Bg3 Nd3 62. Bh4 Nf4 63. Nc2 Be6 64. Ne3 Ne2+ 65. Kh2 Nf4 66.
Bd8 Nd5 67. Nc2 Bd7 68. Kg3 Ba4 69. Nd4 Bd7 70. Ba5 Ne7 71. Kf4 Nc6 72. Bc3
Nxd4 73. Bxd4 Bc6 74. g3 Bb7 75. Be3 1/2-1/2

[Event "European Online Chess Club Cup 2021 - G"]
[Site "Tornelo.com"]
[Date "2021.03.28"]
[Round "7.2"]
[White "Vidit, Santosh Gujrathi"]
[Black "Baltag, Iulian"]
[Result "1-0"]
[WhiteElo "2726"]
[BlackElo "2393"]
[PlyCount "129"]
[EventDate "2021.03.27"]
[EventType "team"]
[EventRounds "9"]
[WhiteTeam "Novy Bor"]
[BlackTeam "Stanislas Echecs"]

1. d4 f5 2. g3 Nf6 3. Bg2 g6 4. Nf3 Bg7 5. O-O O-O 6. b3 d6 7. Bb2 c6 8. Nbd2
a5 9. a3 Kh8 10. c4 Be6 11. Qc2 d5 12. Rac1 Nbd7 13. Ng5 Bg8 14. cxd5 cxd5 15.
Qc7 Ne4 16. Ngf3 b5 17. e3 Rc8 18. Qxd8 Rfxd8 19. Rfe1 Nb6 20. Bf1 b4 21. Ba6
Ra8 22. Bf1 Rac8 23. Rxc8 Rxc8 24. Rc1 Rxc1 25. Bxc1 Nxd2 26. Nxd2 e5 27. axb4
axb4 28. Nf3 e4 29. Ne1 Nc4 30. Nc2 Na5 31. Na1 Bf8 32. Bb5 Be6 33. Kf1 Kg7 34.
Ke1 Kf6 35. h4 h6 36. Bd2 g5 37. hxg5+ hxg5 38. Kd1 Bd6 39. Ba4 Nc4 40. bxc4
dxc4 41. Nc2 c3 42. Be1 Bc4 43. Na1 f4 44. gxf4 gxf4 45. Nb3 fxe3 46. fxe3 Bd5
47. Kc2 Kg5 48. Bd7 Bh2 49. Bf2 Bd6 50. Nc5 Kg6 51. Bh4 Bh2 52. Bf2 Bd6 53. Bh3
Kg5 54. Ne6+ Kg6 55. Nf4+ Bxf4 56. exf4 Kh5 57. Bf5 Kh6 58. Bg4 Kg6 59. Bh3 Kh5
60. Bd7 Bc4 61. Be3 Bd5 62. f5 Kg4 63. Be6 Bc6 64. f6+ Kf3 65. f7 1-0

[Event "European Online Chess Club Cup 2021 - G"]
[Site "Tornelo.com"]
[Date "2021.03.28"]
[Round "7.3"]
[White "Andriasyan, Siranush"]
[Black "Wojtaszek, Radoslaw"]
[Result "0-1"]
[WhiteElo "2298"]
[BlackElo "2694"]
[PlyCount "46"]
[EventDate "2021.03.27"]
[EventType "team"]
[EventRounds "9"]
[WhiteTeam "Stanislas Echecs"]
[BlackTeam "Novy Bor"]

1. e4 c5 2. Nf3 d6 3. d4 cxd4 4. Nxd4 Nf6 5. Nc3 a6 6. Bg5 Nbd7 7. f4 b5 8. a3
Bb7 9. Qe2 h6 10. Bh4 g5 11. fxg5 hxg5 12. Bxg5 Rc8 13. O-O-O Rxc3 14. bxc3
Nxe4 15. Nf5 Qa5 16. Rd3 Ne5 17. Bd2 Qxa3+ 18. Kb1 Nxd3 19. Qxd3 e6 20. Nd4 Bd5
21. c4 Qxd3 22. cxd3 Nxd2+ 23. Kc2 Nxf1 0-1

[Event "European Online Chess Club Cup 2021 - G"]
[Site "Tornelo.com"]
[Date "2021.03.28"]
[Round "8.1"]
[White "Vidit, Santosh Gujrathi"]
[Black "Sorensen, Hampus"]
[Result "1-0"]
[WhiteElo "2726"]
[BlackElo "2395"]
[PlyCount "93"]
[EventDate "2021.03.27"]
[EventType "team"]
[EventRounds "9"]
[WhiteTeam "Novy Bor"]
[BlackTeam "Team Pelaro Alingsas SS"]

1. e4 e5 2. Nf3 Nc6 3. Bc4 Bc5 4. c3 Nf6 5. d3 a6 6. O-O Ba7 7. Bb3 d6 8. Re1
O-O 9. h3 Ne7 10. Nbd2 Ng6 11. Nf1 h6 12. Ng3 Be6 13. Bc2 Re8 14. d4 Nh7 15.
Be3 Ng5 16. Nf5 Nf4 17. Nxg5 hxg5 18. g3 Bxf5 19. exf5 Nd5 20. Bd2 exd4 21.
Rxe8+ Qxe8 22. Qf3 dxc3 23. bxc3 Nf6 24. Bxg5 Qc6 25. Qxc6 bxc6 26. Rb1 Rb8 27.
Rxb8+ Bxb8 28. Kg2 Ba7 29. Kf3 Bb6 30. Ba4 c5 31. c4 Ba5 32. Bc6 Bc3 33. g4 Kf8
34. h4 Ne8 35. Bf4 Nf6 36. g5 Nh5 37. Bc1 Bd4 38. Be4 c6 39. Kg4 d5 40. cxd5
cxd5 41. Bxd5 g6 42. fxg6 fxg6 43. f4 Ng7 44. Be4 Kf7 45. Bd2 Bb2 46. Bd3 Ne6
47. Bxa6 1-0

[Event "European Online Chess Club Cup 2021 - G"]
[Site "Tornelo.com"]
[Date "2021.03.28"]
[Round "8.2"]
[White "Agrest, Inna"]
[Black "Wojtaszek, Radoslaw"]
[Result "0-1"]
[WhiteElo "2285"]
[BlackElo "2694"]
[PlyCount "62"]
[EventDate "2021.03.27"]
[EventType "team"]
[EventRounds "9"]
[WhiteTeam "Team Pelaro Alingsas SS"]
[BlackTeam "Novy Bor"]

1. e4 c6 2. d4 d5 3. f3 g6 4. c3 Bg7 5. Be3 Qb6 6. Qd2 dxe4 7. fxe4 Nf6 8. e5
Nd5 9. Bf2 Bf5 10. Nf3 Bh6 11. Qxh6 Qxb2 12. Qd2 Qxa1 13. Bd3 Bxd3 14. Qxd3
Qxa2 15. O-O Nd7 16. c4 N5b6 17. Nbd2 O-O-O 18. Qc3 Na4 19. Qb4 Ndb6 20. Qxe7
Rd7 21. Qf6 Re8 22. Rc1 Nc3 23. Rxc3 Qa1+ 24. Ne1 Qxc3 25. Ne4 Qxc4 26. Nd6+
Rxd6 27. Qxd6 Nd5 28. h3 Qb4 29. Nd3 Qxd6 30. exd6 Kd7 31. Bg3 b6 0-1

[Event "European Online Chess Club Cup 2021 - G"]
[Site "Tornelo.com"]
[Date "2021.03.28"]
[Round "8.2"]
[White "Galburd, Yan"]
[Black "Admiraal, Miguoel"]
[Result "1/2-1/2"]
[WhiteElo "2435"]
[BlackElo "2475"]
[PlyCount "81"]
[EventDate "2021.03.27"]
[EventType "team"]
[EventRounds "9"]
[WhiteTeam "Tsafrir Rehovot Chess Club"]
[BlackTeam "De Pluspion Wachtebeke"]

1. d4 d5 2. Bf4 c5 3. e3 Nc6 4. Nf3 cxd4 5. exd4 Bf5 6. c3 e6 7. Qb3 Qd7 8.
Nbd2 f6 9. Bg3 g5 10. Be2 h5 11. h4 g4 12. Nh2 Nge7 13. O-O Ng6 14. Bb5 Bd6 15.
Rfe1 Kf7 16. Bxd6 Qxd6 17. g3 Nce7 18. Bf1 Rhg8 19. Bg2 Nxh4 20. gxh4 g3 21.
fxg3 Qxg3 22. Re2 Qxh4 23. Kh1 Bd3 24. Ndf3 Qg3 25. Nf1 Qf4 26. Rf2 Rxg2 27.
Kxg2 Rg8+ 28. Kh1 Be4 29. N1d2 Qh4+ 30. Rh2 Qg4 31. Rf1 Nf5 32. Qxb7+ Kf8 33.
Qb8+ Kf7 34. Qc7+ Kf8 35. Qb8+ Kf7 36. Qxa7+ Kf8 37. Qb8+ Kf7 38. Qc7+ Kf8 39.
Qb8+ Kf7 40. Qc7+ Kf8 41. Qb8+ 1/2-1/2

[Event "European Online Chess Club Cup 2021 - G"]
[Site "Tornelo.com"]
[Date "2021.03.27"]
[Round "1.1"]
[White "Fedoseev, Vladimir"]
[Black "Sahin, Ozgun"]
[Result "1-0"]
[WhiteElo "2687"]
[BlackElo "2281"]
[PlyCount "51"]
[EventDate "2021.03.27"]
[EventType "team"]
[EventRounds "9"]
[WhiteTeam "Mednyi Vsadnik"]
[BlackTeam "Zeitnot Express"]

1. d4 d5 2. c4 e6 3. Nf3 Nf6 4. Nc3 Be7 5. Bf4 O-O 6. e3 a6 7. c5 b6 8. b4 a5
9. a3 axb4 10. axb4 Rxa1 11. Qxa1 bxc5 12. bxc5 Nh5 13. Be5 f6 14. Bg3 Nxg3 15.
hxg3 Nc6 16. Bd3 f5 17. O-O Bd7 18. Nb5 Nb4 19. Be2 c6 20. Nc3 Qa8 21. Qb2 Rb8
22. Ra1 Qb7 23. Ra3 Bd8 24. Rb3 Ba5 25. Na2 Qa7 26. Nxb4 1-0

[Event "European Online Chess Club Cup 2021 - G"]
[Site "Tornelo.com"]
[Date "2021.03.27"]
[Round "1.2"]
[White "Okuyaz, Duru"]
[Black "Matlakov, Maxim"]
[Result "0-1"]
[WhiteElo "2076"]
[BlackElo "2688"]
[PlyCount "56"]
[EventDate "2021.03.27"]
[EventType "team"]
[EventRounds "9"]
[WhiteTeam "Zeitnot Express"]
[BlackTeam "Mednyi Vsadnik"]

1. e4 e5 2. Nf3 Nc6 3. Bb5 a6 4. Ba4 d6 5. O-O Bd7 6. Re1 g5 7. h3 h5 8. Bxc6
bxc6 9. d4 g4 10. Nh2 Bg7 11. c3 gxh3 12. g3 Nh6 13. dxe5 Bxe5 14. f4 Rg8 15.
Qf3 h4 16. g4 Nxg4 17. Kh1 Nxh2 18. Kxh2 Rg2+ 19. Kh1 Bg4 20. Qf1 Bg7 21. Nd2
Rg3 22. Nc4 Qf6 23. e5 Qg6 24. exd6+ Kf8 25. Re3 cxd6 26. Bd2 Be6 27. f5 Bd5+
28. Kh2 Rg2+ 0-1

[Event "European Online Chess Club Cup 2021 - G"]
[Site "Tornelo.com"]
[Date "2021.03.27"]
[Round "1.3"]
[White "Esipenko, Andrey"]
[Black "Gallevci, Yagiz"]
[Result "1-0"]
[WhiteElo "2701"]
[BlackElo "2069"]
[PlyCount "119"]
[EventDate "2021.03.27"]
[EventType "team"]
[EventRounds "9"]
[WhiteTeam "Mednyi Vsadnik"]
[BlackTeam "Zeitnot Express"]

1. d4 d5 2. c4 c6 3. Nf3 Nf6 4. e3 e6 5. Bd3 Nbd7 6. b3 Bd6 7. Bb2 O-O 8. O-O
Qe7 9. Ne5 g6 10. Nd2 Ba3 11. Bxa3 Qxa3 12. f4 c5 13. Qe1 cxd4 14. exd4 b6 15.
Ndf3 Bb7 16. Ng5 Qb2 17. Ngf3 Rad8 18. Rf2 Qa3 19. Rd1 Ne4 20. Bxe4 dxe4 21.
Ng5 Nf6 22. Qe3 h6 23. Nh3 Kh7 24. Rfd2 a5 25. Nf2 a4 26. g4 axb3 27. axb3 Nd7
28. g5 h5 29. d5 exd5 30. Nxe4 dxe4 31. Nxd7 Rxd7 32. Rxd7 Bc8 33. Rd8 Rxd8 34.
Rxd8 Qa1+ 35. Kf2 Bg4 36. h3 Bf5 37. Kg2 Qb2+ 38. Rd2 Qc1 39. Re2 Qd1 40. b4
Qb1 41. b5 Qd1 42. Rf2 Qb1 43. Kh2 Qa1 44. Re2 Qd1 45. Ra2 Qf1 46. c5 bxc5 47.
b6 Qb1 48. Ra7 Qb2+ 49. Kg3 Qxb6 50. Rxf7+ Kg8 51. Re7 Qb4 52. Rc7 c4 53. Ra7
Qb1 54. Ra8+ Kf7 55. Qa7+ Ke6 56. Qa6+ Ke7 57. Ra7+ Bd7 58. Qf6+ Ke8 59. Qh8+
Ke7 60. Qg7+ 1-0

[Event "European Online Chess Club Cup 2021 - G"]
[Site "Tornelo.com"]
[Date "2021.03.27"]
[Round "1.1"]
[White "Donchenko, Alexander"]
[Black "Micottis, Dorian"]
[Result "1-0"]
[WhiteElo "2659"]
[BlackElo "2223"]
[PlyCount "71"]
[EventDate "2021.03.27"]
[EventType "team"]
[EventRounds "9"]
[WhiteTeam "SF Deizisau e.V."]
[BlackTeam "Le Cavalier Differdange"]

1. Nf3 c5 2. c4 Nc6 3. Nc3 g6 4. e3 Nf6 5. d4 cxd4 6. exd4 d5 7. cxd5 Nxd5 8.
Qb3 Nxc3 9. Bc4 Nd5 10. Bxd5 e6 11. Bxc6+ bxc6 12. O-O Bg7 13. Bg5 Qd5 14. Qa3
f6 15. Bf4 Kf7 16. Rac1 Rd8 17. Rc5 Qd7 18. Qa4 Bb7 19. Rfc1 Bf8 20. Ra5 a6 21.
Qb3 Rac8 22. h4 Kg7 23. Qe3 Kf7 24. Bh6 Bb4 25. Qf4 Qc7 26. Re5 Rd6 27. Ng5+
Ke7 28. Bg7 f5 29. a3 Ba5 30. Nxh7 Bb6 31. Qg5+ Kf7 32. Qh6 Bxd4 33. Ng5+ Ke7
34. Qxg6 Bxe5 35. Bxe5 Rd1+ 36. Rxd1 1-0

[Event "European Online Chess Club Cup 2021 - G"]
[Site "Tornelo.com"]
[Date "2021.03.27"]
[Round "2.1"]
[White "Fedoseev, Vladimir"]
[Black "Bluebaum, Matthias"]
[Result "1-0"]
[WhiteElo "2687"]
[BlackElo "2670"]
[PlyCount "121"]
[EventDate "2021.03.27"]
[EventType "team"]
[EventRounds "9"]
[WhiteTeam "Mednyi Vsadnik"]
[BlackTeam "SF Deizisau e.V."]

1. Nf3 d5 2. g3 Bg4 3. Bg2 e6 4. c4 c6 5. cxd5 Bxf3 6. Bxf3 cxd5 7. d4 Nf6 8.
Nc3 Nc6 9. O-O Be7 10. e3 O-O 11. Bd2 Rc8 12. Rc1 Ne8 13. Na4 Nd6 14. Nc5 b6
15. Nd3 Qd7 16. Bg2 Rc7 17. Qe2 Rfc8 18. Rfd1 f5 19. Be1 Bf6 20. h3 g6 21. Kh2
Nd8 22. Rxc7 Rxc7 23. Rc1 Rxc1 24. Nxc1 Qc7 25. Nd3 Kf7 26. Qd1 Nc6 27. Bf1 Ne4
28. Qc2 Qd7 29. b4 Nd6 30. a4 Ne7 31. b5 Qc8 32. Qa2 g5 33. Bb4 Nc4 34. Be2 Kg7
35. a5 Qc7 36. axb6 axb6 37. Qa8 Ng6 38. Bh5 f4 39. exf4 Bxd4 40. Bxg6 hxg6 41.
Qf8+ Kh7 42. Qe8 e5 43. fxg5 Nd6 44. Qe6 Ne4 45. Be7 Kg7 46. Bf6+ Kf8 47. Qxd5
Nxf2 48. Bxe5 Qc2 49. Qd8+ Kf7 50. Qd7+ Kf8 51. Qg7+ Ke8 52. Qxg6+ Kd8 53. Qd6+
Ke8 54. Qe6+ Kf8 55. Qf6+ Ke8 56. Qc6+ Qxc6 57. bxc6 Bxe5 58. Nxe5 Ne4 59. c7
Nd6 60. g6 Kf8 61. Nd7+ 1-0

[Event "European Online Chess Club Cup 2021 - G"]
[Site "Tornelo.com"]
[Date "2021.03.27"]
[Round "2.2"]
[White "Donchenko, Alexander"]
[Black "Matlakov, Maxim"]
[Result "0-1"]
[WhiteElo "2659"]
[BlackElo "2688"]
[PlyCount "66"]
[EventDate "2021.03.27"]
[EventType "team"]
[EventRounds "9"]
[WhiteTeam "SF Deizisau e.V."]
[BlackTeam "Mednyi Vsadnik"]

1. c4 c6 2. d4 d5 3. Nf3 Nf6 4. e3 Bf5 5. Nc3 e6 6. Nh4 Bg6 7. Be2 Nbd7 8. Bd2
Bd6 9. g3 O-O 10. Nxg6 hxg6 11. Qb3 Rb8 12. Rd1 b5 13. cxd5 cxd5 14. O-O a6 15.
Qc2 Rc8 16. Qd3 Nb6 17. b3 Qe7 18. a4 b4 19. Na2 a5 20. Qa6 Rc2 21. Nc1 Ne4 22.
Be1 Qc7 23. Qxa5 Rb8 24. Bxb4 Bxb4 25. Qxb4 Nc3 26. Bd3 Nxd1 27. Bxc2 Qxc2 28.
Qc5 Qd2 29. Qc7 Rc8 30. Qxb6 Kh7 31. Na2 Nxe3 32. Qb7 Rc2 33. Nb4 Qxf2+ 0-1

[Event "European Online Chess Club Cup 2021 - G"]
[Site "Tornelo.com"]
[Date "2021.03.27"]
[Round "2.3"]
[White "Vitiugov, Nikita"]
[Black "Keymer, Vincent"]
[Result "1/2-1/2"]
[WhiteElo "2715"]
[BlackElo "2591"]
[PlyCount "44"]
[EventDate "2021.03.27"]
[EventType "team"]
[EventRounds "9"]
[WhiteTeam "Mednyi Vsadnik"]
[BlackTeam "SF Deizisau e.V."]

1. d4 Nf6 2. Nf3 e6 3. Bf4 d5 4. e3 Bd6 5. Nbd2 O-O 6. c3 c5 7. Bd3 Bxf4 8.
exf4 b6 9. Qe2 a5 10. h4 Ba6 11. Bxa6 Nxa6 12. h5 h6 13. Kf1 Qc7 14. Rh4 cxd4
15. Nxd4 Nc5 16. a4 Nce4 17. N2f3 Nd7 18. Kg1 Rfe8 19. Nd2 Ndf6 20. N2f3 Nd7
21. Nd2 Ndf6 22. N2f3 Nd7 1/2-1/2

[Event "European Online Chess Club Cup 2021 - G"]
[Site "Tornelo.com"]
[Date "2021.03.27"]
[Round "2.4"]
[White "Kollars, Dmitrij"]
[Black "Esipenko, Andrey"]
[Result "1/2-1/2"]
[WhiteElo "2598"]
[BlackElo "2701"]
[PlyCount "65"]
[EventDate "2021.03.27"]
[EventType "team"]
[EventRounds "9"]
[WhiteTeam "SF Deizisau e.V."]
[BlackTeam "Mednyi Vsadnik"]

1. e4 e5 2. Nf3 Nf6 3. Nxe5 d6 4. Nf3 Nxe4 5. c4 Nc6 6. Nc3 Nxc3 7. dxc3 Be7 8.
Bd3 O-O 9. Qc2 h6 10. Be3 a5 11. a4 Ne5 12. Nxe5 dxe5 13. Bh7+ Kh8 14. Bf5 Qe8
15. O-O Qc6 16. b3 Bxf5 17. Qxf5 Bf6 18. f3 Rad8 19. Rad1 Kg8 20. Qe4 Qa6 21.
h4 h5 22. Bf2 g6 23. g4 hxg4 24. fxg4 Bg7 25. g5 Qe6 26. Kg2 c6 27. Bb6 Rxd1
28. Rxd1 Ra8 29. Rd3 Bf8 30. Bf2 Bg7 31. Bb6 Bf8 32. Bf2 Bg7 33. Bb6 1/2-1/2

[Event "European Online Chess Club Cup 2021 - G"]
[Site "Tornelo.com"]
[Date "2021.03.27"]
[Round "3.1"]
[White "Bluebaum, Matthias"]
[Black "Sahin, Ozgun"]
[Result "1-0"]
[WhiteElo "2670"]
[BlackElo "2281"]
[PlyCount "69"]
[EventDate "2021.03.27"]
[EventType "team"]
[EventRounds "9"]
[WhiteTeam "SF Deizisau e.V."]
[BlackTeam "Zeitnot Express"]

1. d4 d5 2. Nf3 Nf6 3. e3 e6 4. Bd3 c5 5. b3 Nc6 6. O-O cxd4 7. exd4 Be7 8. Bb2
O-O 9. Nbd2 a6 10. a3 b5 11. Qe2 Bd7 12. Ne5 Rc8 13. f4 Qb6 14. Kh1 Qa7 15. c3
Rfd8 16. f5 exf5 17. Nxd7 Nxd7 18. Bxf5 Bf6 19. Qf3 Ne7 20. Bh3 Rc7 21. Rae1
Nf8 22. b4 a5 23. Nb3 axb4 24. cxb4 Rc2 25. Re2 Rxe2 26. Qxe2 Nc6 27. Qxb5 Nxd4
28. Qc5 Qxc5 29. Nxc5 Re8 30. Bg4 Nfe6 31. Nd7 Bg5 32. Rd1 f5 33. Bh3 Rc8 34.
g3 Nf3 35. Bxf5 1-0

[Event "European Online Chess Club Cup 2021 - G"]
[Site "Tornelo.com"]
[Date "2021.03.27"]
[Round "3.1"]
[White "Nguyen, Thai Dai Van"]
[Black "Fedoseev, Vladimir"]
[Result "1/2-1/2"]
[WhiteElo "2577"]
[BlackElo "2687"]
[PlyCount "143"]
[EventDate "2021.03.27"]
[EventType "team"]
[EventRounds "9"]
[WhiteTeam "Cesky Lev"]
[BlackTeam "Mednyi Vsadnik"]

1. d4 Nf6 2. c4 g6 3. Nc3 Bg7 4. e4 d6 5. Be2 O-O 6. Be3 Nc6 7. d5 Ne5 8. f4
Neg4 9. Bd2 Nh6 10. Nf3 c6 11. h3 cxd5 12. cxd5 e6 13. dxe6 Bxe6 14. O-O d5 15.
e5 Nh5 16. Kh2 d4 17. Ne4 d3 18. Nd6 dxe2 19. Qxe2 Nf5 20. Nxf5 Bxf5 21. Rfd1
Bc2 22. Rdc1 Bd3 23. Qe3 Bh6 24. g3 Ng7 25. Bb4 Nf5 26. Qf2 Re8 27. Rd1 a5 28.
Bc3 Re7 29. Nd4 Nxg3 30. Qxg3 Be4 31. Qh4 Qf8 32. Re1 Bd5 33. Rg1 f5 34. exf6
Re4 35. Rg4 Kf7 36. Rf1 Rae8 37. Rf2 Re3 38. Rg5 Be4 39. Re5 g5 40. Rxe8 gxh4
41. Rxf8+ Kxf8 42. Ne6+ Kf7 43. Ng5+ Kg6 44. Nxe4 Rxe4 45. f5+ Kf7 46. Bxa5
Bf4+ 47. Kg2 Bg3 48. Rd2 Kxf6 49. Rd5 Re2+ 50. Kf3 Rf2+ 51. Kg4 Rf4+ 52. Kh5
Rxf5+ 53. Rxf5+ Kxf5 54. Bd8 Ke4 55. Bxh4 Be5 56. b3 Bg7 57. a4 Kd3 58. b4 Kc4
59. Be7 Kb3 60. a5 Ka4 61. h4 Kb5 62. Kg5 Kc4 63. h5 Kb5 64. Kf5 Bc3 65. h6 Bd2
66. Bf8 Bxh6 67. Bxh6 Kxb4 68. Bd2+ Kb5 69. Kg5 b6 70. axb6 Kxb6 71. Kh6 Kb5
72. Kxh7 1/2-1/2

[Event "European Online Chess Club Cup 2021 - G"]
[Site "Tornelo.com"]
[Date "2021.03.27"]
[Round "3.2"]
[White "Matlakov, Maxim"]
[Black "Michalik, Peter"]
[Result "1/2-1/2"]
[WhiteElo "2688"]
[BlackElo "2594"]
[PlyCount "61"]
[EventDate "2021.03.27"]
[EventType "team"]
[EventRounds "9"]
[WhiteTeam "Mednyi Vsadnik"]
[BlackTeam "Cesky Lev"]

1. d4 Nf6 2. Nc3 d5 3. Bf4 c6 4. e3 Bf5 5. f3 e6 6. g4 Bg6 7. h4 h5 8. g5 Ng8
9. a3 Bd6 10. Nge2 Ne7 11. Qd2 Qc7 12. O-O-O Nd7 13. e4 Qb8 14. Bh3 b5 15. Rhe1
Nb6 16. Bxd6 Qxd6 17. Qf4 O-O-O 18. Qxd6 Rxd6 19. Nf4 Rhd8 20. exd5 Nbxd5 21.
Nfxd5 Nxd5 22. Nxd5 Rxd5 23. c3 c5 24. dxc5 Rxc5 25. Rxd8+ Kxd8 26. Rd1+ Kc7
27. Rd4 Bf5 28. Bxf5 Rxf5 29. f4 f6 30. gxf6 gxf6 31. a4 1/2-1/2

[Event "European Online Chess Club Cup 2021 - G"]
[Site "Tornelo.com"]
[Date "2021.03.27"]
[Round "3.3"]
[White "Stocek, Jiri"]
[Black "Vitiugov, Nikita"]
[Result "1/2-1/2"]
[WhiteElo "2604"]
[BlackElo "2715"]
[PlyCount "75"]
[EventDate "2021.03.27"]
[EventType "team"]
[EventRounds "9"]
[WhiteTeam "Cesky Lev"]
[BlackTeam "Mednyi Vsadnik"]

1. c4 Nf6 2. Nc3 g6 3. d4 Bg7 4. e4 d6 5. Be2 O-O 6. Nf3 e5 7. Be3 exd4 8. Nxd4
Re8 9. f3 c6 10. Bf2 d5 11. exd5 cxd5 12. O-O Nc6 13. c5 Nh5 14. Qd2 Be5 15. g3
Bh3 16. Rfe1 Ng7 17. Rad1 a6 18. Nb3 Be6 19. f4 Bxc3 20. Qxc3 Qc7 21. Nd4 Rad8
22. b4 Bh3 23. Bf3 Ne6 24. Nb3 h5 25. Rxd5 Rxd5 26. Bxd5 Rd8 27. Bg2 Bxg2 28.
Kxg2 Qd7 29. a3 Qd5+ 30. Kg1 Qf5 31. Qf3 Kh7 32. Qe4 Qxe4 33. Rxe4 Rd1+ 34. Re1
Rd3 35. Re3 Rd1+ 36. Re1 Rd3 37. Re3 Rd1+ 38. Re1 1/2-1/2

[Event "European Online Chess Club Cup 2021 - G"]
[Site "Tornelo.com"]
[Date "2021.03.27"]
[Round "3.4"]
[White "Esipenko, Andrey"]
[Black "Hracek, Zbynek"]
[Result "1-0"]
[WhiteElo "2701"]
[BlackElo "2565"]
[PlyCount "109"]
[EventDate "2021.03.27"]
[EventType "team"]
[EventRounds "9"]
[WhiteTeam "Mednyi Vsadnik"]
[BlackTeam "Cesky Lev"]

1. d4 Nf6 2. c4 e6 3. Nf3 Bb4+ 4. Nbd2 O-O 5. a3 Be7 6. e4 d6 7. Be2 Nfd7 8.
Nb1 d5 9. Nc3 dxe4 10. Nxe4 Nf6 11. Nc3 b6 12. Ne5 Bb7 13. Bf3 Qc8 14. O-O Nfd7
15. Nd3 Nc6 16. Be3 Bf6 17. d5 Nce5 18. Nxe5 Nxe5 19. Be2 Rd8 20. Qb3 exd5 21.
Nxd5 Bxd5 22. cxd5 Qd7 23. Rfd1 Be7 24. Rac1 Bd6 25. h3 Qf5 26. Qc2 Qxc2 27.
Rxc2 a5 28. Bb5 Nd7 29. Bg5 f6 30. Be3 Kf7 31. g4 Ne5 32. f4 Ng6 33. Rc4 Rh8
34. Bd7 h5 35. Be6+ Kf8 36. g5 Ke7 37. Rdc1 fxg5 38. Rxc7+ Bxc7 39. Rxc7+ Kf8
40. fxg5 Re8 41. Bxb6 Rb8 42. Bc5+ Ke8 43. Rxg7 Nf4 44. Bd7+ Kd8 45. Bc6 Rxb2
46. Ra7 Nxh3+ 47. Kf1 Rb1+ 48. Kg2 Nf4+ 49. Kg3 Ng6 50. Bd6 Rb3+ 51. Kg2 Rb2+
52. Kf3 Rf8+ 53. Bxf8 Nxf8 54. d6 Rb8 55. Re7 1-0